| 000 | 00754cab a2200229 4500 | ||
|---|---|---|---|
| 001 | WB3221-15 | ||
| 008 | 090401t1996 xxu||||| |||| 00| 0 eng d | ||
| 035 | _a(Sirsi) u13831 | ||
| 041 | _aeng | ||
| 245 | _aDiffering views on UK competitiveness | ||
| 260 | _c1996 | ||
| 350 | _a0 | ||
| 490 |
_aIndependent _v30 May 1996, 21(2) |
||
| 520 | _aThe World Economic Forum and the Institute for International Management Development have produced reports that reach opposite conclusions on the UK`s world competitiveness. | ||
| 650 | _aCOMPETITIVENESS | ||
| 650 | _aINSTITUTE FOR INTERNATIONAL MANAGEMENT DEVELOPMENT | ||
| 650 | _aWORLD ECONOMIC FORUM | ||
| 650 | _aWORLD TRADE | ||
| 690 | _aECONOMIC AND SOCIAL | ||
| 942 | _n0 | ||
| 948 | _c04/03/1997 | ||
| 999 |
_c8925 _d8925 |
||